Algoritmo de segmentación de aglomeraciones celulares basado en umbralización global y crecimiento local de regiones para microscopía in-situ
Sparad:
| Huvudupphovsman: | |
|---|---|
| Övriga upphovsmän: | |
| Materialtyp: | Bok |
| Språk: | Spanish |
| Publicerad: |
[San José, Costa Rica]
2011
|
| Ämnen: | |
| Taggar: |
Lägg till en tagg
Inga taggar, Lägg till första taggen!
|
MARC
| LEADER | 00000nam a22000007a 4500 | ||
|---|---|---|---|
| 003 | 010799 | ||
| 005 | 20230831132023.0 | ||
| 008 | 151102b2011 cr a|||| |||| 00| ||spa d | ||
| 040 | |c cru CEDI | ||
| 090 | |a TFG 6602 | ||
| 100 | |9 1351 |a Vega Vargas, Allan Eduardo, 1986- | ||
| 245 | |a Algoritmo de segmentación de aglomeraciones celulares basado en umbralización global y crecimiento local de regiones para microscopía in-situ | ||
| 260 | |a [San José, Costa Rica] |c 2011 | ||
| 300 | |a xvi, 93 hojas : ilustraciones. | ||
| 500 | |a Proyecto de graduación (bachillerato en ingeniería eléctrica)--Universidad de Costa Rica. Facultad de Ingeniería. Escuela de Ingeniería Eléctrica | ||
| 501 | |a Profesora Guía de IE-0502 Proyecto Eléctrico: Dr. Geovanni Martínez Castillo | ||
| 650 | |x PROCESAMIENTO DIGITAL DE IMAGENES |x ALGORITMOS (COMPUTADORAS) |x MICROSCOPIA ELECTRONICA |x PROCESAMIENTO DE IMAGENES |9 1955 | ||
| 700 | |9 1063 |a Martínez Castillo, Geovanni Arturo , 1965- |d Director del Proyecto Eléctrico | ||
| 942 | |c CEDI | ||
| 999 | |c 14348 |d 14348 | ||
